header

An eyewitness account of Gallipoli (Record no. 194422)

MARC details
000 -LEADER
fixed length control field 01394nam a2200349Ia 4500
100 1# - MAIN ENTRY--AUTHOR NAME
Personal name Silas, Ellis.
245 13 - TITLE STATEMENT
Title An eyewitness account of Gallipoli
250 ## - EDITION STATEMENT
Edition statement 2nd ed.
260 ## - PUBLICATION, DISTRIBUTION, ETC. (IMPRINT)
Place of publication Kenthurst, N.S.W. :
Name of publisher Rosenberg Pub.,
Year of publication 2010.
300 ## - PHYSICAL DESCRIPTION
Number of Pages 90 p. :
Other physical details ill.
650 #0 - SUBJECT ADDED ENTRY--TOPICAL TERM
Topical Term World War, 1914-1918
Topical Term World War, 1914-1918
Topical Term World War, 1914-1918
700 1# - ADDED ENTRY--PERSONAL NAME
Personal name Laffin, John.
856 40 - ELECTRONIC LOCATION AND ACCESS
Uniform Resource Identifier http://site.ebrary.com/lib/rucke/Doc?id=10601769

No items available.

© 2026 Rongo University
Contact us: librarian | system librarian | Rongo university